Регионална библиотека "Любен Каравелов" - Русе

Тихи бури (Запис номер 206736)

MARC детайли
000 -Лидер
Контролно поле с фиксирана дължина 01220nam a2200301 c 4500
003 - Код на организацията, давaща контролен номер
Контролно поле BLK
005 - Дата и час на последна редакция
Контролно поле 20230323091658.0
008 - Елементи от данни с фиксирана дължина
fixed length control field 180411b bul|||||r ||||||| ||bul||
010 ## - Наследен системен номер
LC control number KNG00216487000
040 ## - Източник на каталожния запис
Идентификатор на билиотеката - собственик на записа BLK
041 ## - Код за език
Код за езика на текст/звукозапис или на отделно заглавие Български
Код за езика КДБФ Български
080 ## - УДК
Текстов определител УДК Словашка литература
УДК код - определител по УДК 821.162.4
УДК определител -31
УДК - код + определител 821.162.4-31
100 1# - Редна дума - Автор
Автор Ярункова, Клара
Авторска отговорност първи автор
R(LIN) 146092
139 ## - Редно поле
Редна дума Ярункова, Клара
Авторски знак Яру - Я 83
245 10 - Сведения за заглавието
Заглавие Тихи бури
Подзаглавни данни Роман [за юноши]
Редно поле (дума) Клара Ярункова; прев. от словаш. Невена Захариева; худож. Олга Венелинова Паскалева.
257 ## - Страна на издаване
Страна на създаване/издаване Словакия
260 ## - Област на издателските данни
-- София
Име на издателя, разпространителя и проч. Нар. младеж
Година на издаване 1981
300 ## - Физическа характеристика
Страници 264 с.
Размери/Мащаб 16 см
380 ## - Жанр
Жанр Худож. лит.
500 ## - Общи забележки
Забележка Ориг. загл. Tiche burky.
700 1# - Други автори (авторска отговорност)
Лично име Захариева, Невена
Автороска отговорност (Описва отношението между автора и произведението) прев. от словаш.
Друга информация Димитрова, Невена Захариева
9 (RLIN) 372671
700 1# - Други автори (авторска отговорност)
Лично име Паскалева, Олга Венелинова
9 (RLIN) 470131
852 ## - Местоположение
Форматна сигнатура Цб І 19426
856 4# - Електронен адрес и достъп
Електронен формат pdf - файл
Път до файла /url/
856 4# - Електронен адрес и достъп
Електронен формат pdf - файл
Път до файла /url/
942 ## - АРТИКУЛИ
Вид на библиотечния материал Книги
Скрит в OPAC Не
Koha issues (borrowed), all copies 1
944 ## - СЪЗДАВАНЕ И РЕДАКЦИЯ на ЗАПИСА
Създаване/Редакция Създаване
Дата на регистрацията/редакция 27.02.2018
Служител, извършил регистрацията/редакцията Кети_Илиева
944 ## - СЪЗДАВАНЕ И РЕДАКЦИЯ на ЗАПИСА
Създаване/Редакция Редакция
Дата на регистрацията/редакция 27.02.2018
Служител, извършил регистрацията/редакцията Кети_Илиева
999 ## - СИСТЕМНИ КОНТРОЛНИ НОМЕРА
Koha biblionumber 206736
Koha biblioitemnumber 206736
Наличности
Код за отписване Код за изгубен артикул Източник на класификационната схема Код за повреда Коз за рестрикции Код за отдаване Артикулен № Име на библиотеката - собственик Име на библиотеката, в която се намира в момента Статус (Текущо местоположение) Дата на вписване в системата Местоположение - отдел Цена в лева Инвентарен номер Систематично азбучна сигнатура Баркод Номер на екземпляра Цена в евро Служебна бележка Служебен тип на артикула
  Не е изгубен Universal Decimal Classification Не е повреден само за читалня ползва се в читалня 356226 Регионална библиотека "Любен Каравелов" Русе Регионална библиотека "Любен Каравелов" Русе Хранилище 1981-01-01 Хранилище 0.69 346098 Цб І 19426 120000346098 1 0.35 Вид: Сф Дата: 01.01.1981 Книги
Изтеглен Не е изгубен Universal Decimal Classification Не е повреден без рестрикции заемане за дома 356227 Регионална библиотека "Любен Каравелов" Русе Регионална библиотека "Любен Каравелов" Русе Заемна - подръчен фонд 1981-01-01 Заемна - подръчен фонд 0.69 348006 П 885.0/.4-31/Я 83 348006 2 0.35 Вид: Сф Дата: 01.01.1981 Книги
Изтеглен Не е изгубен Universal Decimal Classification Не е повреден без рестрикции заемане за дома 356228 Регионална библиотека "Любен Каравелов" Русе Регионална библиотека "Любен Каравелов" Русе Заемна - подръчен фонд 1981-01-01 Заемна - подръчен фонд 0.69 348007 П 885.0/.4-31/Я 83 348007 3 0.35 Вид: Сф Дата: 01.01.1981 Книги
Изтеглен Не е изгубен Universal Decimal Classification Не е повреден без рестрикции заемане за дома 356229 Регионална библиотека "Любен Каравелов" Русе Регионална библиотека "Любен Каравелов" Русе Заемна - подръчен фонд 1981-01-01 Заемна - подръчен фонд 0.69 348010 П 885.0/.4-31/Я 83 348010 4 0.35 Вид: Сф Дата: 01.01.1981 Дата инв: 02.03.2018 Бележки инв: П2018 Книги
  Не е изгубен Universal Decimal Classification Не е повреден без рестрикции заемане за дома 356230 Регионална библиотека "Любен Каравелов" Русе Регионална библиотека "Любен Каравелов" Русе Заемна - подръчен фонд 1981-01-01 Заемна - подръчен фонд 0.69 348011 П 821-31/Я 83 120000348011 5 0.35 Вид: Сф Дата: 01.01.1981 Дата инв: 27.02.2018 Бележки инв: П2018 Книги
Vip Innovations Ltd, Rousse, Bulgaria 2025